Πλατφόρμα αλληλεπιδραστικής παρουσίασης πολυμέσων στο διαδίκτυο με δυνατότητα τρισδιάστατης απεικόνισης - Πολιτιστική πύλη δήμου Πυθαγορείου : μεταπτυχιακή διατριβή

Πλατφόρμα αλληλεπιδραστικής παρουσίασης Πολυμέσων στο διαδίκτυο με δυνατότητα τρισδιάστατης απεικόνισης - Πολιτιστική Πύλη Δήμου Πυθαγορείου.

Αποθηκεύτηκε σε:
Λεπτομέρειες βιβλιογραφικής εγγραφής
Κύριος συγγραφέας: Ρίγλη, Αλίκη Ι.
Συγγραφή απο Οργανισμό/Αρχή: Πανεπιστήμιο Αιγαίου. Σχολή Θετικών Επιστημών. Τμήμα Μηχανικών Πληροφοριακών και Επικοινωνιακών Συστημάτων. Π.Μ.Σ. Τεχνολογίες και Διοίκηση Πληροφοριακών και Επικοινωνιακών Συστημάτων. Τεχνολογίες Δικτύων Επικοινωνιών και Υπολογιστών
Μορφή: Thesis Βιβλίο
Γλώσσα:Greek
Δημοσίευση: 2009.
Θέματα:
Διαθέσιμο Online:http://hdl.handle.net/11610/12669
Ετικέτες: Προσθήκη ετικέτας
Δεν υπάρχουν, Καταχωρήστε ετικέτα πρώτοι!

MARC

LEADER 00000cam a2200000 i 4500
001 1/5303
008 100305s2009 gr | ||| |||| ||gre||
035 |l 10107114 
040 |a GR-MyUA  |b gre  |e AACR2 
041 0 |a gre 
082 0 |a 025.04   |2 (22) 
100 1 |a Ρίγλη, Αλίκη Ι. 
245 1 0 |a Πλατφόρμα αλληλεπιδραστικής παρουσίασης πολυμέσων στο διαδίκτυο με δυνατότητα τρισδιάστατης απεικόνισης - Πολιτιστική πύλη δήμου Πυθαγορείου :   |b μεταπτυχιακή διατριβή /   |c Αλίκη Ι. Ρίγλη ; επιβλέπων καθηγηγητής Αγγελος Ρούσκας.  
260 |c 2009.  
300 |a 131 σ. :   |b εγχρ. εικ. ;   |c 30 εκ.  
500 |a Μέλη της εξεταστικής επιτροπής: Η. Μαγκλογιάννης, Α. Ρούσκας, Ι. Αναγνωστόπουλος.  
502 |a Διατριβή (μεταπτυχιακή) – Πανεπιστήμιο Αιγαίου, Σάμος, 2009. 
504 |a Βιβλιογραφία: σ. 131.  
506 0 |a Διάθεση πλήρους κειμένου - Ελεύθερη πρόσβαση.  
520 |a Πλατφόρμα αλληλεπιδραστικής παρουσίασης Πολυμέσων στο διαδίκτυο με δυνατότητα τρισδιάστατης απεικόνισης - Πολιτιστική Πύλη Δήμου Πυθαγορείου.  
540 |a Κλειδωμένη η δυνατότητα αντιγραφής (copy) του κειμένου.  
610 2 0 |a University of the Aegean  |x Dissertations. 
650 0 0 |a Web portals  |x Design. 
650 0 0 |a Cultural property  |x Technological innovations  |z Greece  |z Samos (Municipality) 
650 0 0 |a Dissertations, Academic  |z Greece. 
700 1 |a Ρούσκας, Άγγελος,  |e dgs 
710 2 |a Πανεπιστήμιο Αιγαίου.   |b Σχολή Θετικών Επιστημών.   |b Τμήμα Μηχανικών Πληροφοριακών και Επικοινωνιακών Συστημάτων.   |b Π.Μ.Σ. Τεχνολογίες και Διοίκηση Πληροφοριακών και Επικοινωνιακών Συστημάτων.   |b Τεχνολογίες Δικτύων Επικοινωνιών και Υπολογιστών. 
852 |a INST  |b SAMOS  |c DIATR  |e 20100305  |h 025.04 ΡΙΓ  |p 005300030802  |q 005300030802  |t MTXE  |y 23 
852 |a INST  |b SAMOS  |c DIATR  |e 20100305  |h 025.04 ΡΙΓ  |p 005300030803  |q 005300030803  |t MTXE  |y 23 
856 |u http://hdl.handle.net/11610/12669 
901 |a BIBL3-2010-1 
909 |a Σ  |b 158611 
909 |a Σ  |b 158612 
924 |a ΡΙΓΛΗ  |b ΑΛΙΚΗ  |y Σάμος  |z 2009-11 
970 |a ΚΟΣΙΕΡΗΣ  |b ΧΡΗΣΤΟΣ  |z 2010/03/05